| 000 | 00613nam a2200193 a 4500 | ||
|---|---|---|---|
| 005 | 20230808063633.0 | ||
| 008 | 080613s1983 mx r 000 0 spa d | ||
| 035 | _aUPN01000156935 | ||
| 049 | _aUNE | ||
| 080 | _aOC 011 (73) LIB. | ||
| 245 | 0 | 0 |
_aLibros de los Estados Unidos traducidos al idioma español : _btomados de catálogos urgentes hasta enero de 1983. |
| 260 |
_aBuenos Aires : _bCentro Regional del Libro, _c1983. |
||
| 300 | _a320 p. | ||
| 690 | _aTraducciones | ||
| 690 |
_aBibliografía _9321 |
||
| 690 | _aEstados Unidos de América | ||
| 700 | 1 |
_aTurner, Marcy C., _ecomp. |
|
| 905 | _aUNESCO | ||
| 999 |
_c129049 _d129049 |
||